Top 5 Most Famous by First Name: B (#2) - Statistics

General Stats
  • This quiz has been taken 11 times
  • The average score is 5 of 50
Answer Stats
First Name Last Name Hint Lifespan % Correct
Billy the Kid Outlaw / Gunfighter 1859-1881
80%
Betty Ford U.S. First Lady 1918-2011
60%
Beau Bridges Actor / Director 1941-
50%
Betty White Actress / Comedian / Author / Animal Rights Advocate 1922-
50%
Bertie Ahern Irish Taoiseach & Politician 1951-
40%
Belle Delphine Internet Celebrity / Pornographic Actress / Model / YouTuber 1999-
40%
Beau Biden Attorney General of Delaware / Lawyer / U.S. Army JAG Corps Officer 1969-2015
30%
Brody Jenner TV Personality / DJ / Model 1983-
30%
Betsy Ross Upholsterer / Creator of American Flag 1752-1836
30%
Beth Behrs Actress / Writer 1985-
20%
Billy Graham Evangelist / Southern Baptist Minister 1918-2018
20%
Blair Underwood Actor 1964-
20%
Brody Dalle Singer / Songwriter / Musician 1979-
10%
Betsy DeVos U.S. Secretary of Education 1958-
10%
Barnaby Joyce Leader of Australian National Party / Deputy Prime Minister of Australia 1967-
10%
Belle Knox Pornographic Actress 1995-
10%
Beth Phoenix Wrestling Commentator / Wrestler 1980-
10%
Billy Wilder Film Director / Screenwriter / Producer 1906-2002
10%
Bertie Blackman Singer / Songwriter / Guitarist 1982-
0%
Beau Bokan Musician / Singer 1981-
0%
Betsy Boze Academic / Higher Education Administrator 1953-
0%
Betsy Brandt Actress 1973-
0%
Blair Brown Actress 1946-
0%
Betty Buckley Actress / Singer 1947-
0%
Bertie Carvel Actor 1977-
0%
Belle Chen Pianist / Sound Artist / Producer 1988-
0%
Billy Connolly Artist / Musician / Presenter / Actor / Stand-Up Comedian 1942-
0%
Barnaby Edwards Actor / Writer / Director / Artist 1969-
0%
Barnaby Fitzpatrick Baron Upper Ossory 1535-1581
0%
Betty Friedan Feminist Advocate / Writer 1921-2006
0%
Belle Gunness Serial Killer 1859-1908
0%
Beth Hart Singer / Songwriter / Musician 1972-
0%
Bertie Higgins Singer-Songwriter 1944-
0%
Barnaby Kay Actor 1969-
0%
Brody King Wrestler 1987-
0%
Betsy McCaughey Lieutenant Governor of New York 1948-
0%
Barnaby Miln Social Activist / Magistrate 1947-
0%
Beau Mirchoff Actor 1989-
0%
Beth Moore Evangelist / Author / Bible Teacher 1957-
0%
Beth Orton Singer-Songwriter 1970-
0%
Billy Preston Musician 1946-2006
0%
Beau Ryan Rugby Player / TV Personality 1985-
0%
Betty Shabazz Educator / Civil Rights Advocate 1934-1997
0%
Bertie Smalls Britain's First Supergrass 1935-2008
0%
Belle Starr Outlaw 1848-1889
0%
Blair St. Clair Drag Queen / Singer / Hair Stylist 1995-
0%
Brody Steele Wrestler 1967-
0%
Brody Stevens Stand-Up Comedian / Actor 1970-2019
0%
Blair Tefkin Actress / Singer-Songwriter 1959-
0%
Blair Tuke Sailor 1989-
0%
No matching quizzes found
Score Distribution
Percent of People with Each Score
Percentile by Number Answered
Your Score History
You have not taken this quiz